Disputas familiares
En el artículo se comentan las disputas de consideración acaecidas en el seno del Partido Liberación Nacional, causadas por los diversos intereses de los grupos o por rencillas personales y que son fruto, en última instancia, de la carencia del partido de una plataforma política común, capaz de unif...
Gespeichert in:
| Format: | Text |
|---|---|
| Schlagworte: | |
| Tags: |
Tag hinzufügen
Keine Tags, Fügen Sie den ersten Tag hinzu!
|
MARC
| LEADER | 00000 a a2200000 04500 | ||
|---|---|---|---|
| 001 | 4032 | ||
| 003 | |||
| 040 | |||
| 245 | |a Disputas familiares | ||
| 520 | |a En el artículo se comentan las disputas de consideración acaecidas en el seno del Partido Liberación Nacional, causadas por los diversos intereses de los grupos o por rencillas personales y que son fruto, en última instancia, de la carencia del partido de una plataforma política común, capaz de unificar sus grupos y personas, en un período de crisis económica e inestabilidad social. La dirección, ente el problema, debió recurrir a fórmulas prestadas, contradictorias (en muchos aspectos) con sus prácticas políticas anteriores, lo cual tiende a complicar la situación. HBQ/mb | ||
| 650 | |a PARTIDOS POLITICOS | ||
| 650 | |a ASPECTOS POLITICOS | ||
| 650 | |a POLITICA | ||
| 650 | |a RECESION ECONOMICA | ||
| 650 | |a POLITICA GUBERNAMENTAL | ||
| 773 | |g número 4; páginas 3-3 | ||
| 999 | |c 27024 |d 27024 | ||
